000 01050cam a2200289 i 4500
999 _c3634
_d3634
003 OSt
005 20200310131033.0
008 140919s2014 ii a b 001 0 eng
020 _a9789383243013
020 _a9383243015 (Cover)
040 _aDLC
_beng
_cDLC
_erda
_dDLC
042 _alcode
_apcc
043 _aa-ii---
082 _a746.0954
_bDHA
245 0 0 _aSacred textiles of India /
_cedited by Jasleen Dhamija.
300 _a108 pages :
_bcolor illustrations ;
_c33 cm
500 _a"Vol. 65, no. 4, June 2014"--Title page verso; simultaneously issued in serial format as an issue of Mārg.
504 _aIncludes bibliographical references (pages 104-105) and index.
650 0 _aTextile fabrics
_zIndia
_xReligious aspects.
651 0 _aIndia
_xReligious life and customs.
700 1 _aDhamija, Jasleen,
_d1933-
_eeditor.
710 2 _aMarg Foundation (Mumbai, India)
730 0 _aMārg̲.
906 _a7
_bcbc
_corigode
_d3
_encip
_f20
_gy-gencatlg
942 _2ddc